Skvalitní alebo skomplikuje predaj ?

Novela zákona o potravinách (od 1. 5. 2010) prinesie sprísnenie podmienok pri predaji potravín. Predajcom sa zvýšia sankcie za porušenie zákona o potravinách a zároveň sa stanovujú niektoré ďalšie podmienky, ktoré musia obchodníci dodržiavať pri predaji potravín.

Na minha lista:
Detalhes bibliográficos
Autor principal: Kuľbagová, Katarína
Formato: Capítulo de Livro
Idioma:eslovaco
Assuntos:
Tags: Adicionar Tag
Sem tags, seja o primeiro a adicionar uma tag!

MARC

LEADER 00000naa$a2200000$$$4500
001 0112806
005 20231128094556.4
041 0 |a slo 
044 |a SK 
245 1 0 |a Skvalitní alebo skomplikuje predaj ?  |c Katarína Kuľbagová 
520 |a Novela zákona o potravinách (od 1. 5. 2010) prinesie sprísnenie podmienok pri predaji potravín. Predajcom sa zvýšia sankcie za porušenie zákona o potravinách a zároveň sa stanovujú niektoré ďalšie podmienky, ktoré musia obchodníci dodržiavať pri predaji potravín. 
610 2 0 |a potraviny 
610 2 0 |a zákony 
610 2 0 |a sankcie 
610 2 0 |a Slovensko 
100 1 |a Kuľbagová, Katarína